Countries Closest to Haiti - Sudden Death - Statistics

General Stats
  • This quiz has been taken 24 times
  • The average score is 4 of 15
Answers on the Grid
Answers color-coded by a green-red scale on the quiz's grid according to % correct below.
Dominican Republic
Cuba
Bahamas
Jamaica
Colombia
Venezuela
United States
Saint Kitts and Nevis
Antigua and Barbuda
Honduras
Nicaragua
Panama
Dominica
Saint Lucia
Saint Vincent and the Grenadines
Mexico
Canada
El Salvador
Belize
Guyana
Suriname
Ecuador
Peru
Brazil
Paraguay
Bolivia
Trinidad and Tobago
Argentina
Gambia
Ireland
 
Answer Stats
Answer % Correct
Saint Kitts and Nevis
50%
Saint Lucia
50%
Antigua and Barbuda
40%
Dominican Republic
40%
Bahamas
30%
Cuba
30%
Dominica
30%
Jamaica
30%
Honduras
20%
Saint Vincent and the Grenadines
20%
United States
20%
Nicaragua
10%
Panama
10%
Colombia
0%
Venezuela
0%
No matching quizzes found
Score Distribution
Percent of People with Each Score
Percentile by Number Answered
Your Score History
You have not taken this quiz